000 00951nam a2200313Ia 4500
001 dia_5305
003 CHAP
005 20251023152836.0
008 220117s2012 xx 000 0 und d
010 _a176215
020 _a978-607-12-0262-8
040 _cCHAP
082 _a515.33 V35 2012
100 _aValdovinos Chávez, Víctor Rafael
_9117389
245 _aCálculo multivariado y ecuaciones diferenciales /
_c Víctor Rafael Valdovinos Chávez
260 _aMéxico :
_b Universidad Autónoma Chapingo,
_c2012
300 _avii, 116 p.
503 _aD.
504 _aBibliografía: p. 116
590 _aQA315 V35 2012
650 _aCálculo
_923990
650 _aCalculus
_9146991
650 _aDifferential equations
_9150223
650 _aEcuaciones diferenciales
_935306
901 _a515.33 V35 2012
902 _aM
905 _a5232272012 mx nm 8222123322spa16
942 _cLIBRO
_2ddc
999 _c176215
_d176215